000 00292nam a22001337a 4500
008 170919b xxu||||| |||| 00| 0 eng d
020 _a9780486234908
041 _aeng
080 _a7
100 _a44
101 _aART
245 _aFLORID VICTORIAN ORNAMENT
_cKLIMSCH,K
942 _2udc
_cBK
999 _c28359
_d28359